Loading...
| Current Events | 2 | 25.00 | 100% | 50% | 100% |
| Fine Arts - Classical Music | 5 | 24.00 | 80% | 100% | 60% |
| Fine Arts - Other | 5 | 24.00 | 100% | 100% | 40% |
| Fine Arts - Painting and Sculpture | 8 | 23.75 | 88% | 100% | 50% |
| Geography | 2 | 25.00 | 100% | 100% | 50% |
| History - American | 7 | 22.86 | 143% | 100% | 57% |
| History - Ancient/Other | 6 | 20.00 | 100% | 50% | 50% |
| History - European | 9 | 22.22 | 100% | 89% | 33% |
| History - Other | 1 | 20.00 | 100% | 100% | 0% |
| History - World | 6 | 18.33 | 100% | 67% | 17% |
| Literature - American | 8 | 21.25 | 100% | 88% | 25% |
| Literature - British | 8 | 22.50 | 100% | 88% | 38% |
| Literature - European | 9 | 21.11 | 100% | 89% | 22% |
| Literature - World | 5 | 24.00 | 100% | 100% | 40% |
| Mythology | 7 | 21.43 | 100% | 100% | 14% |
| Other Academic | 2 | 25.00 | 100% | 100% | 50% |
| Philosophy | 6 | 23.33 | 100% | 100% | 33% |
| Religion | 10 | 22.00 | 100% | 90% | 30% |
| Science - Biology | 7 | 21.43 | 100% | 71% | 43% |
| Science - Chemistry | 8 | 22.50 | 100% | 100% | 25% |
| Science - Other | 6 | 20.00 | 100% | 100% | 0% |
| Science - Physics | 6 | 20.00 | 83% | 83% | 33% |
| Social Science | 5 | 26.00 | 100% | 80% | 80% |